000
00300nam a2200133Ia 4500
008
221030s9999 xx 000 0 und d
041
_a
English
082
_a
105.23
100
_a
J. S. Juneja
245
0
_a
Small & Medium Enterprises
_c
by J. S. Juneja
260
_c
0
650
_a
Mb
942
_c
BK
999
_c
12725
_d
12725